Statistics for NFL Draft 2023

Click here to take the quiz!

General Stats

  • This quiz has been taken 47 times
  • The average score is 22 of 31

Answer Stats

HintAnswer% Correct
PanthersBryce Young
100%
TexansC.J. Stroud
100%
ColtsAnthony Richardson
95%
Texans Via: ArizonaWill Anderson Jr.
95%
SeahawksDevon Witherspoon
92%
Lions Via: ArizonaJahmyr Gibbs
89%
FalconsBijan Robinson
87%
Eagles Via: ChigagoJalen Carter
84%
Cardinals Via: DetroitParis Johnson Jr.
84%
Patriots Via: TradeChristian Gonzalez
79%
LionsJack Campbell
76%
CowboysMazi Smith
76%
EaglesNolan Smith
76%
RaidersTyree Wilson
76%
VikingsJordan Addison
71%
SeahawksJaxon Smith-Njigba
68%
Packers Via: New YorkLuke Van Ness
68%
TitansPeter Skoronski
68%
RavensZay Flowers
68%
Bills Via: TradeDalton Kincaid
66%
Steelers Via: New EnglandBroderick Jones
63%
ChargersQuentin Johnston
63%
CommandersEmmanuel Forbes
58%
Bears Via: PhiladelphiaDarnell Wright
55%
BengalsMyles Murphy
55%
Jets Via: TradeWill Mcdonald IV
55%
Giants Via: TradeDeonte Banks
53%
Jags Via: TradeAnton Harrison
47%
BuccaneersCalijah Kancey
47%
Saint Via: TradeBryan Bresee
45%
ChiefsFelix Anudike-Uzomah
29%

Score Distribution

Percentile by Number Answered

Percent of People with Each Score

Your Score History

You have not taken this quiz